| 000 | 00514nam a22001457a 4500 | ||
|---|---|---|---|
| 003 | MACL | ||
| 005 | 20190627163714.0 | ||
| 008 | 190627b xxu||||| |||| 00| 0 eng d | ||
| 040 | _cMACL | ||
| 100 |
_aसिंह,समर _975626 |
||
| 245 | _aस्वामी दयानन्द सरस्वती जीवन और दर्शन | ||
| 260 |
_aनई दिल्ली _bअथर्व पब्लिकेशन्स _c2015 |
||
| 650 |
_aजीवनी _97943 |
||
| 942 |
_2ddc _cHIN |
||
| 999 |
_c60320 _d60320 |
||